| 000 | 00593nam a22001817a 4500 | ||
|---|---|---|---|
| 003 | OSt | ||
| 005 | 20220107122831.0 | ||
| 008 | 170802b xxu||||| |||| 00| 0 eng d | ||
| 040 | _cIIITMK | ||
| 100 |
_aNikita Nair (92315018) _912526 |
||
| 245 | _aGeoinformatics based meteorological and agricultural drought assessment in latur district, Maharashtra,India | ||
| 300 | _aMSC GIS - Main Project | ||
| 502 |
_bMSC GIS _c2015-2017 _dEXT _eDr V Ramesh Assistant Professor,TISS |
||
| 650 |
_aNATURAL DISASTER _912527 |
||
| 650 |
_aNDVI _912528 |
||
| 650 |
_aREMOTE SENSING _912529 |
||
| 942 |
_2ddc _cPR |
||
| 999 |
_c5774 _d5774 |
||